00366pab a2200121 454500008004000000100001600040245010000056260000900156300001300165362001100178650002100189773003400210180718b2015 xxu||||| |||| 00| 0 eng d aDas, Kalyan aSubaltern historiography to Dalit historiography: tracing heterogeneity in Dalit 'subalternity' c2015 ap.60-65. a14 Feb aBackward classes aEconomic and Political Weekly